1181 1262 1857 1630 1776 1223 1638 1633 1535 1768 1201 1168 1775 1371 1633 1953 1128 1054 1970 1561 1205 1331 1152 1003 1074 1362 1918 1639 1798 1510 1755 1243 1677 1869 1983 1391 1213 1030 1687 1053 1805 1035 1947 1415 1684 1174 1387 1322 1716 1711 1620 1887 1825 1199 1951 1271 1669 1479 1982 1360 1819 1105 1953 1270 1618 1367 1083 1071 1170 1419 1523 1878 1999 1808 1249 1645 1702 1273 1177 1322 1525 1033 1942 1517 1376 1233 1627 1091 1466 1605 1066 1783 1000 1421 1600 1975 1432 1733 1113 BCNSPRNW ULIB Ver.6.0+V

เปลี่ยนเป็นภาษาไทย

Change to English
 แสดงรายละเอียดบรรณานุกรม
  กลับหน้าหลัก

Brief Record : Get Marc (ISO 2709) : E-mail record : QR code < ปิดหน้าต่าง
LEADER : 00000nam 2200000uu 4500
001    13399112304
003     ULIB
008    110627s2551||||th 000 0 tha d
020    9789749906828
090    นว.^bล978ล
100 0  ไล่ ตง จิ้น
245 00 ไล่ตงจิ้น ลูกขอทาน ผู้ไม่ยอมแพ้ต่อชะตาชีวิต/^cไล่ ตง จิ้น
250    พิมพ์ครั้งที่ 35
260    กรุงเทพฯ :^bอินสปายร์,^c2551
300    248 หน้า
710 1  อินสปายร์
945    ^p165^l0^i021028
945    ^p165^l0^i027984
945    ^p0^l0^i001434
945    ^p0^l0^i001435
945    ^p0^l0^i001436
945    ^p0^l0^i001437
945    ^p0^l0^i001438
995    ทศพร
999 ^a ใช้งานได้ทุกระบบ
รายการนี้ยังไม่มีแท็ก
คุณยังไม่ได้ล็อกอิน คุณสามารถมีกิจกรรมร่วมกับเว็บไซต์ได้ แต่ต้องล็อกอินก่อน ::
  ล็อกอิน

รายการสื่อสารสนเทศ

ลำดับที่ ประเภท เลขเรียก/บาร์โค้ด สถานที่ สถานะ
1. วิทยาศาสตร์การแพทย์ และสุขภาพ
วิทยาศาสตร์การแพทย์ และสุขภาพ
นว. ล978ล ฉ.3 
  Barcode: 001434
ห้องสมุดวิทยาเขตนครสวรรค์
►นวนิยาย:l:Fiction
บนชั้น
2. วิทยาศาสตร์การแพทย์ และสุขภาพ
วิทยาศาสตร์การแพทย์ และสุขภาพ
นว. ล978ล ฉ.4 
  Barcode: 001435
ห้องสมุดวิทยาเขตนครสวรรค์
►นวนิยาย:l:Fiction
บนชั้น
3. วิทยาศาสตร์การแพทย์ และสุขภาพ
วิทยาศาสตร์การแพทย์ และสุขภาพ
นว. ล978ล ฉ.5 
  Barcode: 001436
ห้องสมุดวิทยาเขตนครสวรรค์
►นวนิยาย:l:Fiction
บนชั้น
4. วิทยาศาสตร์การแพทย์ และสุขภาพ
วิทยาศาสตร์การแพทย์ และสุขภาพ
นว. ล978ล ฉ.6 
  Barcode: 001437
ห้องสมุดวิทยาเขตนครสวรรค์
►นวนิยาย:l:Fiction
บนชั้น
5. วิทยาศาสตร์การแพทย์ และสุขภาพ
วิทยาศาสตร์การแพทย์ และสุขภาพ
นว. ล978ล ฉ.7 
  Barcode: 001438
ห้องสมุดวิทยาเขตนครสวรรค์
►นวนิยาย:l:Fiction
บนชั้น

BibComment


ยังไม่เคยถูกคอมเมนท์

คอมเมนท์ทรัพยากรรายการนี้
  คอมเมนท์: ไล่ตงจิ้น ลูกขอทา..


 Copyright 2026. Bcnsprnw @Library